Państwa leżące najbliżej Ghany - Statystyki

Ogólne statystyki
  • Ten quiz został rozwiązany 389 razy
  • Średni wynik to 17 z 20
Statystyki odpowiedzi
km Państwo % Poprawnych
0 Wybrzeże Kości Słoniowej
94%
265 Niger
93%
942 Senegal
93%
540 Gwinea
91%
226 Mali
91%
169 Nigeria
91%
0 Togo
91%
827 Kamerun
90%
579 Mauretania
89%
1188 Gwinea Bissau
88%
859 Gwinea Równikowa
88%
0 Burkina Faso
87%
43 Benin
85%
469 Liberia
83%
1221 Gambia
82%
1094 Gabon
81%
1410 Republika Konga
80%
794 Sierra Leone
77%
947 Algieria
75%
848 Wyspy Świętego Tomasza i Książęca
59%
Nie znaleziono quizów pasujących do podanych kryteriów
Rozkład punktacji
Procent ludzi z każdym wynikiem
Percentyl według liczby udzielonych odpowiedzi
Twoja historia wyników
Nie rozwiązałeś tego quizu